=LDR 00000nam 2200000 4500 =001 INLIS000000000000987 =005 20130612085413 =008 ***********************************Ind** =035 ##$$0010-061300000000987 =041 ##$$a Ind =082 ##$$a 790.13 =090 ##$$a 790.13, Isk h =100 ##$$a Iskandar, Johan =245 ##$$a Hobi mengamati burung dialam, Johan Iskandar =250 ##$$a 77-78 =260 ##$$a 1992 $b Bandung =300 ##$$a vi, 76 hlm, Ilus, 21 cm =650 ##$$a Rekreasi =850 ##$$a NBPNMAT